Statistics for Top 15 Pistons NBA Players of All time

Click here to take the quiz!

General Stats

  • This quiz has been taken 22 times
  • The average score is 11 of 15

Answer Stats

Jersey #Answer% Correct
11Isiah Thomas
100%
40Bill Laimbeer
95%
3Ben Wallace
91%
4Joe Dumars
91%
30Rasheed Wallace
91%
1Chauncey Billups
86%
32Richard Hamilton
82%
10Dennis Rodman
77%
16Bob Lanier
64%
0Andre Drummond
59%
23Blake Griffin
55%
33Grant Hill
55%
25Derrick Rose
45%
21Dave Bing
41%
9Jerami Grant
18%

Score Distribution

Percentile by Number Answered

Percent of People with Each Score

Your Score History

You have not taken this quiz